| 000 | 00585nam a2200205 a 4500 | ||
|---|---|---|---|
| 005 | 20240223063618.0 | ||
| 008 | 991125s1992 mx 000 0 spa u | ||
| 020 | _a9681637674 | ||
| 035 | _aUPN01000028541 | ||
| 049 | _aI | ||
| 050 | 4 |
_aPZ48.1 _bM3.48 |
|
| 100 | 1 | _aMalerba, Luigi | |
| 245 | 1 | 3 |
_aLa historia y la gloria y otros relatos / _ctr. Fabio Morábito. |
| 260 |
_aMéxico : _bFCE, _c1992. |
||
| 300 |
_a50 p. : _bil. |
||
| 440 | 2 |
_aA la orilla del viento ; _v20 |
|
| 650 | 0 |
_aCuentos italianos _913136 |
|
| 650 | 4 |
_aLiteratura infantil italiana _911122 |
|
| 905 | _aInfantil | ||
| 999 |
_c28541 _d28541 |
||